| 000 | 00707nam a22001697a 4500 | ||
|---|---|---|---|
| 008 | 090525t xxu||||| |||| 00| 0 eng d | ||
| 020 | _a9774247604 (pbk.) | ||
| 082 |
_222 _a363.960962 _bALI |
||
| 100 |
_aAli, Kamran Asdar _d1961- _95237 |
||
| 245 |
_aPlanning the Family in Egypt : _bNew Bodies, New Selves / _cKamran Asdar Ali. |
||
| 260 |
_aCairo : _bAmerican University in Cairo Press, _cc2002. |
||
| 300 |
_axii, 233 p. ; _c23 cm. |
||
| 504 | _aIncludes bibliographical references and index. | ||
| 650 |
_aBirth control _zEgypt. _95238 |
||
| 942 |
_2ddc _cBB |
||
| 999 |
_c11629 _d11629 |
||